| 000 | 00774nam a2200205 a 4500 | ||
|---|---|---|---|
| 001 | 47778 | ||
| 003 | BD-RjUL | ||
| 005 | 20211209054407.0 | ||
| 008 | 160810s2002 bg ||||| |||| 00| e b d | ||
| 035 | _a(BD-RjUL)47897 | ||
| 040 |
_aBD-RjUL _bben _cBD-RjUL _dBD-RjUL |
||
| 041 | _aben | ||
| 082 |
_223 _a352.23095492 _bZIA 2002 |
||
| 245 | 1 |
_aজিয়াউর রহমান ও জাতীয়তাবাদ / _cসম্পাদনা এম এস দোহা |
|
| 260 |
_aঢাকা : _bহিমি বুকস এন্ড বুকস, _c২০০২ |
||
| 300 |
_a৩২০ পৃ. ; _c২১ সেমি. |
||
| 650 |
_aরাষ্ট্রপতি _9171326 _zবাংলাদেশ |
||
| 650 |
_aPresident _9171871 _zBangladesh |
||
| 942 |
_2ddc _cBK _01 |
||
| 999 |
_c47778 _d47778 |
||